000 00602nam a2200217Ia 4500
003 GCL
008 140319s9999 xx 000 0 ara d
040 _aGCL /
_cGCL
082 0 4 _a791.43
_bس س
100 1 _aسمير فريد
245 1 0 _aسينما 69 /
_cسمير فريد
300 _a88 ص
490 _aالهيئة العامة للاستعلامات
_v0
650 0 4 _aمصر
650 0 4 _aنقد
650 0 4 _aالافلام السينمائية
650 0 4 _aالسينما
650 0 4 _aالتمثيل فى السينما
650 0 4 _aالسينما - نقد
942 _2ddc
_cBK
999 _c50905
_d50905